1235 1187 1460 1688 1242 1517 1966 1144 1251 1180 1755 1852 1739 1820 1857 1895 1146 1140 1146 1424 1417 1422 1853 1900 1430 1935 1889 1576 1958 1969 1309 1906 1945 1062 1874 1480 1428 1674 1469 1385 1654 1083 1106 1169 1056 1878 1001 1822 1831 1037 1371 1996 1420 1080 1243 1788 1786 1439 1532 1956 1747 1954 1618 1695 1659 1152 1250 1829 1817 1560 1374 1957 1220 1050 1003 1339 1840 1499 1067 1905 1927 1756 1204 1848 1493 1081 1756 1026 1433 1728 1083 1187 1360 1381 1880 1154 1343 1983 1495 BCNSPRNW ULIB Ver.6.0+V

เปลี่ยนเป็นภาษาไทย

Change to English
 แสดงรายละเอียดบรรณานุกรม
  กลับหน้าหลัก

Brief Record : Get Marc (ISO 2709) : E-mail record : QR code < ปิดหน้าต่าง
LEADER : 00000nam 2200000uu 4500
001    13399122702
003     ULIB
008    130902s2554||||th 000 0 tha d
020    ^a9789740327912
050  4 ^aBF441^bช14ก
100 0  ^aชนาธิป พรกุล
245 00 ^aการสอนกระบวนการคิด ทฤษฎีและการนำไปใช้^cชนาธิป พรกุล
250    ^aพิมพ์ครั้งที่ 2
260    ^aกรุงเทพฯ:^bสำนักพิมพ์แห่งจุฬาลงกรณ์มหาวิทยาลัย,^c2554
300    ^a454 หน้า:^bภาพประกอบ,^c29cm
650  4 ^aการคิด
650  4 ^aการสอนการคิด
945    ^p310^l0^i20144
995    ^aทศพร
999    ^aทศพร เกษรทอง
รายการนี้ยังไม่มีแท็ก
คุณยังไม่ได้ล็อกอิน คุณสามารถมีกิจกรรมร่วมกับเว็บไซต์ได้ แต่ต้องล็อกอินก่อน ::
  ล็อกอิน

รายการสื่อสารสนเทศ

ลำดับที่ ประเภท เลขเรียก/บาร์โค้ด สถานที่ สถานะ
1. การศึกษาทั่วไป
การศึกษาทั่วไป
BF441 ช14ก ฉ.1 
  Barcode: 20144
ห้องสมุดวิทยาเขตนครสวรรค์
►หนังสือทั่วไป:l:General Books
บนชั้น

รายการใกล้เคียง
    ผู้แต่ง [ชนาธิป พรกุล]

    หัวเรื่อง [การคิด]
    หัวเรื่อง [การสอนการคิด]

BibComment


ยังไม่เคยถูกคอมเมนท์

คอมเมนท์ทรัพยากรรายการนี้
  คอมเมนท์: การสอนกระบวนการค..


 Copyright 2026. Bcnsprnw @Library